PHARMACEUTICS - I (PRACTICAL NOTE BOOK) (Record no. 6040)

MARC details
000 -LEADER
fixed length control field 00409nam a22001577a 4500
005 - DATE AND TIME OF LATEST TRANSACTION
control field 20230112120846.0
008 - FIXED-LENGTH DATA ELEMENTS--GENERAL INFORMATION
fixed length control field 200225b xxu||||| |||| 00| 0 eng d
020 ## - INTERNATIONAL STANDARD BOOK NUMBER
ISBN 81-239-0683-8
041 ## - LANGUAGE CODE
Language code of text/sound track or separate title eng
100 ## - MAIN ENTRY--AUTHOR NAME
Personal name GUPTA, A.K. AND JAIN, V.K.
245 ## - TITLE STATEMENT
Title PHARMACEUTICS - I (PRACTICAL NOTE BOOK)
260 ## - PUBLICATION, DISTRIBUTION, ETC. (IMPRINT)
Place of publication NEW DELHI
Name of publisher CBS
Year of publication 1996
300 ## - PHYSICAL DESCRIPTION
Number of Pages 97p,
650 ## - SUBJECT ADDED ENTRY--TOPICAL TERM
Topical Term PHARMACY
General subdivision B.PHARMA
942 ## - ADDED ENTRY ELEMENTS (KOHA)
Koha item type Books
Holdings
Lost status Damaged status Collection code Home library Current library Shelving location Date acquired Source of acquisition Cost, normal purchase price Full call number Accession Number Koha item type
    PHARMACY JRU Library JRU Library Shelf - 24- A 25/02/2020 PURCHESS 295.00 338.4 23683 Books
    PHARMACY JRU Library JRU Library Shelf - 27- A 25/02/2020 PURCHESS 295.00 338.4 23684 Books
    PHARMACY JRU Library JRU Library Shelf - 27- A 25/02/2020 PURCHESS 295.00 338.4 23685 Books
    PHARMACY JRU Library JRU Library Shelf - 27- A 25/02/2020 PURCHESS 295.00 338.4 23686 Books
    Reference JRU Library JRU Library SHELF-4-C 25/02/2020 PURCHESS 295.00   23687 Books
    PHARMACY JRU Library JRU Library Shelf - 27- A 09/02/2022 PURCHASE 335.00 338.4 26053 Books
    PHARMACY JRU Library JRU Library Shelf - 27- A 09/02/2022 PURCHASE 335.00 338.4 26054 Books